000 00965cab a22002055a 4500
001 L139300
008 070724e20070713xxkd f s 000 0 eng d
035 _a(Sirsi) u139300
041 0 _aeng
100 1 _aFransham, James
245 0 0 _aFalls of residence
260 _c2007
490 0 _aProperty Week
_v72(28) 13 July 2007, 58(1)
520 _aThe student housing sector is worth an estimated £6.6bn, according to research from Savills, and private investment is predicted to increase three fold over the next six years. In many areas of the country demand outstrips supply for student beds, and this is especially so in London, partly due to the growth in numbers of overseas students. Graphs show availability and demand and supply pipeline.
590 _aKA
651 4 _aUnited Kingdom
_y
690 _aPROPERTY-RESIDENTIAL PROPERTY-RESIDENTIAL PROPERTY MARKET
690 _aPROPERTY-RESIDENTIAL PROPERTY-COMMUNAL RESIDENTIAL PROPERTY
942 _n0
999 _c79042
_d79042